1715 1497 1612 1965 1714 1142 1853 1706 1844 1328 1563 1099 1708 1454 1512 1912 1210 1337 1392 1300 1662 1010 1030 1163 1618 1967 1894 1526 1764 1160 1655 1503 1480 1688 1142 1979 1431 1318 1705 1335 1975 1504 1367 1469 1008 1407 1702 1529 1751 1053 1205 1697 1021 1096 1498 1048 1733 1340 1582 1231 1439 1254 1549 1322 2000 1192 1408 1840 1906 1155 1368 1876 1756 1201 1026 1929 1071 1606 1966 1922 1304 1169 1003 1142 1946 1313 1501 1415 1405 1595 1049 1897 1707 1742 1431 1638 1777 1449 1817 BCNSPRNW ULIB Ver.6.0+V

เปลี่ยนเป็นภาษาไทย

Change to English
 แสดงรายละเอียดบรรณานุกรม
  กลับหน้าหลัก

Brief Record : Get Marc (ISO 2709) : E-mail record : QR code < ปิดหน้าต่าง
LEADER : 00000nam 2200000uu 4500
001    13399127046
003     ULIB
008    020711s2562 th a 000 0 tha d
020    ^a9786164671140
060    ^aWS103^bต-ล
100    ^aตุ๊บปอง
245    ^aลูกลิงฉี่ตรงไหนดีนะ ชุดลูกลิงเรียนรู้
250    ^aพิมพ์ครั้งที่ 1
260    ^aกรุงเทพฯ :^bบริษัท แปลน ฟอร์ คิดส์ จำกัด,^c2562
300    ^a16 หน้า;^b21 ซม.
650    ^aเด็ก^xการเรียนการสอน
945    ^p115^l0^i006234
999    ^aประนอม เกษจรัล
รายการนี้ยังไม่มีแท็ก
คุณยังไม่ได้ล็อกอิน คุณสามารถมีกิจกรรมร่วมกับเว็บไซต์ได้ แต่ต้องล็อกอินก่อน ::
  ล็อกอิน

รายการสื่อสารสนเทศ

ลำดับที่ ประเภท เลขเรียก/บาร์โค้ด สถานที่ สถานะ
1. วิทยาศาสตร์การแพทย์ และสุขภาพ
วิทยาศาสตร์การแพทย์ และสุขภาพ
WS103 ต-ล ฉ.1 
  Barcode: 006234
ห้องสมุดวิทยาเขตสวรรค์ประชารักษ์
►หนังสือทั่วไป
บนชั้น

รายการใกล้เคียง
    ผู้แต่ง [ตุ๊บปอง]

BibComment


ยังไม่เคยถูกคอมเมนท์

คอมเมนท์ทรัพยากรรายการนี้
  คอมเมนท์: ลูกลิงฉี่ตรงไหนด..


 Copyright 2026. Bcnsprnw @Library